| 000 | 00521nam a22001577a 4500 | ||
|---|---|---|---|
| 003 | NUST | ||
| 038 | _aNusrat Nadeem | ||
| 082 | _a200 | ||
| 100 |
_aZahid, Misha _9130680 |
||
| 245 |
_aGOVERNMENT SPENDING AND GREEN ECONOMIC GROWTH IN ASIAN COUNTRIES: MEDIATING ROLE OF EDUCATION AND R&D/ _cMisha Zahid, |
||
| 264 |
_aIslamabad: _bS3H NUST. _c2025. |
||
| 650 |
_aMS-Economics _9123068 |
||
| 700 |
_aSupervisor: Dr. Wajiha Haq _9114415 |
||
| 856 | _uhttp://10.250.8.41:8080/xmlui/handle/123456789/54992 | ||
| 942 |
_2ddc _cSC |
||
| 999 |
_c614848 _d614848 |
||